000 01090nmc a2200373 a 4500
003 AR-BaBNM
005 20251128205202.0
008 236119s1995 ||||||||||||||000 | spa||
020 _a968-16-3706-2
040 _cAR-BaBNM
100 1 _aJakobson, Roman
245 1 0 _aArte verbal, signo verbal, tiempo verbal
250 _a1ª ed.
260 _aMéxico, D.F.
_bFondo de Cultura Económica
_c1995
300 0 _a276 p.
490 0 _aSección de obras de Lengua y Estudios literarios
500 0 _aContiene índice de colaboradores en p. 269
500 0 _aIndice de nombres en p. 270-274
650 4 _aANALISIS LITERARIO
650 4 _aCRITICA LITERARIA
650 4 _aINVESTIGACION LITERARIA
650 4 _aANALISIS LINGUISTICO
650 4 _aSIMBOLOS
650 4 _aHISTORIA LITERARIA
650 4 _aESTILO LITERARIO
653 _aFORMALISMO RUSO
653 _aESTILISTICA
655 _aLITERATURA
700 1 _aPomorska, Krystyna
_eprologuista
700 1 _aRudy, Stephen
_eprologuista
700 1 _aMansour, Mónica
_etraductor
942 _cBK
998 _cisola
999 _c10353
_d10353